000 00594nam a2200193Ia 4500
005 20250508161619.0
008 008 250505s9999 xx 000 0 eng d
037 _aTextual
040 _aFEDL
_beng
_cFEDL
041 _aeng
_2eng
084 _a301.2, GEL
_qFEDL
100 _aGelormino A. Gerald
_9771056
245 0 _aChallenge of our heritage : A social, political and economic history of the United States
260 _aNew York, USA
_bOceana Publications
_c1970
300 _avi,500p.
650 _aSociology
942 _cTEXL
_h301.2, GEL
999 _c1371134
_d1371134